| 000 | 00766nas a2200253 4500 | ||
|---|---|---|---|
| 001 | BR9510555 | ||
| 003 | BR-BrBNA | ||
| 005 | 20231205095548.0 | ||
| 007 | ta | ||
| 008 | 230509b bl.|||p| |||| 00| 00por d | ||
| 040 |
_aBR-BrBNA _bpor _cBiblioteca Nacional de Agricultura |
||
| 041 | _a(En) | ||
| 072 | _aF03 | ||
| 100 | 1 | _aCordazzo, C.V. | |
| 100 | 1 | _aDavy, A.J. | |
| 245 | 1 | _aSeed production, seed size, and dispersal of Spartina ciliata Brongniart (Gramineae)in southern Brazilian coastal dunes | |
| 650 | _aAlga | ||
| 650 | _aSemente | ||
| 650 | _aProducao | ||
| 650 | _aDispersao de Semente | ||
| 773 | 0 |
_tAtlantica (Brazil) _xISSN 0102-1656 _g(1994), v. 16 p. 143-154 _wBR9510555 |
|
| 909 |
_a202311 _bLúcia _c55 _dLúcia Elande |
||
| 942 |
_2AGRIS _n0 _cANA |
||
| 999 |
_c151378 _d151378 |
||